000 01795nam0a2200373 4500
001 RU\NLR\bibl\831344
005 20250614141723.0
010 _a5-9206-0209-0
_bТИД Континент-Пресс
010 _a5-7905-2711-6
_bРИПОЛ КЛАССИК
_97000
021 _aRU
_b2005-31012
_91553
035 _aRSL-KNO-002464618
035 _a(NLR Aleph) 000820213
090 _a1296345
_c1296345
100 _a20050816d2005 |||y0rusy50 ca
101 0 _arus
102 _aRU
105 _aa |||||||||
106 _ar
200 1 _aДиагностика неисправностей автомобиля
_e600 практических советов
_fАндрей Дынько
210 _aМосква
_cТИД Континент-Пресс
_cРИПОЛ КЛАССИК
_d2005
215 _a382, [1] с.
_cил.
_d21
225 1 _aМой автомобиль
300 _aЗагл. обл.: Диагностика неисправностей легкового автомобиля
606 0 _aЛегковые автомобили
_xТехническая диагностика
_92187394
_3RU\NLR\auth\661315088
610 0 _aТранспорт -- Автодорожный транспорт -- Автомобили -- Легковые автомобили -- Осмотр и контроль технического состояния. Техническая диагностика -- Справочник
686 _aО335.52-082.051я22
_2rubbk
686 _aО335.52-082.051
700 1 _aДынько
_bА. В.
_gАндрей В.
_4070
801 0 _aRU
_bRuMoRKP
_c20040830
_grcr
801 1 _aRU
_bRuMoRGB
_c20040830
801 2 _aRU
_bNLR
_c20050303
_gPSBO
942 _cBOOK
980 _aNB